000 01283cam a2200337 a 4500
999 _c331568
_d331568
001 16095587
003 NUST
005 20171004122202.0
008 100218s2010 pk b 001 0 eng
010 _a 2010341194
020 _a9780195476736
025 _aP-E-2010341194; 31
040 _aDLC
_cDLC
042 _alcode
043 _aa-pk---
_aa-ii---
050 0 0 _aDS385.J5
_bM48 2010
082 _a954.9042092
_bMET
100 1 _aMetz, William S.
_q(William Stafford),
_d1918-1971.
_95225
245 1 4 _aThe political career of Mohammad Ali Jinnah /
_cWilliam S. Metz ; edited by Roger D. Long ; foreword by M.R. Kazimi.
246 3 0 _aJinnah
260 _aKarachi :
_bOxford University Press,
_c2010.
300 _axxxi, 168 p. ;
_c23 cm.
500 _aBased on the author's dissertation (Ph. D.)--University of Pennsylvania, 1952.
504 _aIncludes bibliographical references (p. [158]-160) and index.
600 1 0 _aJinnah, Mahomed Ali,
_d1876-1948.
_94251
650 0 _aPakistan movement.
_9203
650 0 _aStatesmen
_zPakistan
_vBiography.
_94852
651 0 _aIndia
_xPolitics and government
_y1919-1947.
_9205
700 1 _aLong, Roger D.
_95226
906 _a7
_bcbc
_corigode
_d3
_encip
_f20
_gy-gencatlg
942 _2ddc
_cBK